Statistics for NBA Player/Coach Champions

Click here to take the quiz!

General Stats

  • This quiz has been taken 32 times
  • The average score is 6 of 12

Answer Stats

As PlayerAs CoachPerson% Correct
1970, 19731991-1993, 1996-1998, 2000-2002, 2009, 2010Phil Jackson
100%
1996-1999, 20032015, 2017, 2018Steve Kerr
97%
2000, 20012016Tyronn Lue
90%
1957, 1959–1966, 1968, 19691968, 1969Bill Russell
79%
19721982,1985,1987,1988,2006Pat Riley
76%
19862011Rick Carlisle
62%
1959-19661984, 1986K.C. Jones
59%
19671983Billy Cunningham
31%
1957, 1959-19611972Bill Sharman
17%
1957,1959–19651974, 1976Tom Heinsohn
17%
19671971Larry Costello
3%
19511970, 1973Red Holzman
3%

Score Distribution

Percentile by Number Answered

Percent of People with Each Score

Your Score History

You have not taken this quiz